La poesie depuis Baudelaire

Tallennettuna:
Bibliografiset tiedot
Päätekijä: Lemaitre, Henri
Aineistotyyppi: Kirja
Kieli:Undetermined
Julkaistu: París, Francia Armand Colin 1965
Aiheet:
Tagit: Lisää tagi
Ei tageja, Lisää ensimmäinen tagi!

MARC

LEADER 00000nam a2200000Ia 4500
008 170316s9999 xx 000 0 und d
040 |a cru BVZT 
090 |a A-840 L-2p 
100 |a Lemaitre, Henri 
245 |a La poesie depuis Baudelaire 
260 |a París, Francia 
260 |b Armand Colin 
260 |c 1965 
300 |a 367 páginas 
650 |a LITERATURA FRANCESA 
650 |a ANTOLOGÍA 
999 |c 12425  |d 12425 
942 |c 15 D  |h A-840 L-2p  |2 z